00586nam a2200193Ia 4500003000500000008004100005020002400046040001900070082000700089100001900096245005300115260003800168300001000206365000800216546001200224942001600236999001700252952012300269STCL221019s9999 xx 000 0 und d aA978-81-229-1146-6A aSTCLcSTCLbEN 222 aIshwari Prasad 2aA history of modern Europe from 1453 to 1789 A D bSurjeet PublicationsaDelhic2016 a394 p b895 aEnglish cBK2DDCe22 c88071d88071 00102DDC4070aSTCALbSTCALcGENd0000-00-00l1o940.2 PRA-Hp96832r2024-07-18 00:00:00s2024-07-09w2022-10-19yBK